000 00522nam a2200193Ia 4500
005 20250326142503.0
008 250326s9999 xx 000 0 und d
020 _a0-335-19799-X
037 _aTextbook
040 _aFMSL
_beng
_cFMSL
041 _aeng
_2eng
084 _aS8 N9
_qFMSL
100 _aBrotherton Chris
245 0 _aSocial psychology & management
_cBrotherton Chris
260 _aUSA
_bUSA, Open University
_c1999
300 _axviii,206
942 _cTB
_hS8 N9
999 _c1295260
_d1295260